Mega Man Bosses by NES Title - Statistics

General Stats
  • This quiz has been taken 1,081 times
  • The average score is 32 of 46
Answer Stats
Mega Man % Correct
Fire Man
94%
Ice Man
93%
Cut Man
90%
Elec Man
89%
Wood Man
89%
Metal Man
88%
Air Man
87%
Bomb Man
87%
Bubble Man
87%
Guts Man
87%
Crash Man
83%
Heat Man
83%
Quick Man
83%
Flash Man
82%
Snake Man
81%
Gemini Man
75%
Top Man
75%
Hard Man
73%
Shadow Man
73%
Magnet Man
69%
Pharaoh Man
69%
Skull Man
69%
Spark Man
69%
Needle Man
68%
Flame Man
66%
Toad Man
66%
Dive Man
63%
Knight Man
61%
Wind Man
61%
Dust Man
60%
Plant Man
60%
Star Man
60%
Ring Man
59%
Centaur Man
58%
Bright Man
57%
Gravity Man
57%
Stone Man
57%
Tomahawk Man
57%
Charge Man
56%
Yamato Man
56%
Drill Man
55%
Napalm Man
55%
Wave Man
53%
Blizzard Man
52%
Gyro Man
52%
Crystal Man
49%
No matching quizzes found
Score Distribution
Percent of People with Each Score
Percentile by Number Answered
Your Score History
You have not taken this quiz